| 000 | 00553nam a2200169 i 4500 | ||
|---|---|---|---|
| 001 | 141361 | ||
| 003 | ES-MaACL | ||
| 005 | 20230906200258.0 | ||
| 007 | t| | ||
| 008 | 070921s1986 py ||||1| spa d | ||
| 100 | 1 |
_aViviano Hidalgo, Antonio. _9115601 |
|
| 245 | 1 | 0 |
_aPara matar la muerte / _cAntonio Viviano Hidalgo ; [prólogo por Delfín Leocadio Garasa]. |
| 260 |
_aMontevido : _bBanda Oriental, _c[1986] |
||
| 300 |
_a46 p. ; _c19 cm. |
||
| 700 | 1 |
_aGarasa, Delfín Leocadio. _953917 |
|
| 852 |
_aES-MaACL _j2144-F-4 _q. - Ded. autógr. del autor |
||
| 999 |
_c141361 _d141361 |
||